| 000 | 00486nam a22001817a 4500 | ||
|---|---|---|---|
| 005 | 20240513102851.0 | ||
| 008 | 240513b |||||||| |||| 00| 0 eng d | ||
| 020 | _a8173810419 | ||
| 082 |
_a618 _bDUT-T |
||
| 100 | _aDutta D.C | ||
| 245 |
_aTextbook of Gynaecology / _cDutta D.C, Hiralal konar |
||
| 260 |
_aIndia ; _bNCBA : _c2008 . |
||
| 300 |
_axv ,627p. : _bill; _c24 cm. |
||
| 500 | _ainclude index . | ||
| 650 | _aMedical / Gynaecology | ||
| 700 | _aHiralal konar | ||
| 999 |
_c35751 _d35751 |
||